000 00475nam a2200157Ia 4500
005 20260601193247.0
008 260601s9999||||xx |||||||||||||| ||und||
020 _a978-3-031-59907-1
_qebk
100 _aDominik Jung
245 4 _aThe Modern Business Data Analyst
250 _a2024
260 _aHeidelberg, Germany
_bSpringer Nature
_c2024
650 _aComputer Science
856 _uhttps://link.springer.com/openurl?genre=book&isbn=978-3-031-59907-1
942 _cEB
_2ddc
999 _c56605
_d56605